| 000 | 01108nam0a2200289 4500 | ||
|---|---|---|---|
| 001 | RU\NLR\bibl\876432 | ||
| 005 | 20250614163522.0 | ||
| 021 |
_aRU _b2005-8397п _9338 |
||
| 035 | _a(NLR Aleph) 000865025 | ||
| 090 |
_a1563768 _c1563768 |
||
| 100 | _a20051122d2005 |||y0rusy50 ca | ||
| 101 | 0 | _arus | |
| 102 | _aRU | ||
| 105 | _aa ||||||||| | ||
| 200 | 1 |
_aОбзор важнейших событий в клинической онкологии 2004 года _e[сборник статей] |
|
| 210 |
_aСанкт-Петербург _cОтечественная школа онкологов _d2005 |
||
| 215 |
_a[1],64 с. _cил. _d28 |
||
| 225 | 1 |
_aПрактическая онкология _eежеквартальный тематический журнал _vт. 6, N 1 |
|
| 320 | _aБиблиогр. в конце ст. | ||
| 606 | 1 |
_aКлиническая онкология _jСборники _91655115 _3RU\NLR\auth\66732818 |
|
| 686 | _aР56я43 | ||
| 801 | 0 |
_aRU _bNLR _c20051122 _grcr |
|
| 801 | 1 |
_aRU _bNLR _c20051122 |
|
| 852 |
_aNLR _jП17/713 |
||
| 942 | _cBOOK | ||
| 980 | _aNB | ||